LEADER 01416nam a2200289 4500 001 000000354388 003 CaOOAMICUS 005 20230623100212.0 008 230623s1903 it 000 u ita r 040 $aSeMil$bita 100 1 $aSemeria, Giovanni,$c.$0(OLS)http://semarc/name/4219 245 14$aGli inni della Chiesa /$cGiovanni Semeria. 264 1$aMilano :$bBertarelli & C.,$cimpr. 1903. 300 $av. ;$c21 cm 500 $aContiene: 7 voll. rilegati insieme 650 4$aInni cristiani.$0(OLS)http://semarc/subject/46801 774 0 $t1: Sviluppo storico dell'innologia cristiana.$dMilano : Bertarelli & C., 1903.$w()354390 774 0 $t2: L'inno del Natale.$dMilano : Bertarelli & C., 1903.$w()354391 774 0 $t3: L'inno della fede.$dMilano : Bertarelli & C., 1903.$w()354392 774 0 $t4: Gli inni della Eucarestia.$dMilano : Bertarelli & C., 1903.$w()354393 774 0 $t5: L'inno della pietà.$dMilano : Bertarelli & C., 1903.$w()354394 774 0 $t6: Gli inni dello Spirito.$dMilano : Bertarelli & C., 1903.$w()354395 774 0 $t7: L'inno del timore.$dMilano : Bertarelli & C., 1903.$w()354396 774 0 $t8: L'inno della Croce.$dMilano : Bertarelli & C., 1903.$w()354398 996 $6245$aGli inni della Chiesa$9(OLS)http://semarc/title/444526 996 $6264$aMilano :$bBertarelli & C.$9(OLS)http://semarc/publisher/41456 LEADER 01279nam a2200253 i 4500 001 000000191527 003 CaOOAMICUS 005 20100809000000.0 008 100809s1978 it u000 u ita u 013 $a170083 040 $aSeMil$bita 100 1 $aQuacquarelli, Antonio.$0(OLS)http://semarc/name/3 245 13$aLa società cristologica prima di Costantino e i riflessi nelle arti figurative /$cAntonio Quacquarelli. 260 $aBari :$bIstituto di Letteratura Cristiana Antica, Università degli Studi,$c1978. 300 $a176 p. :$bill. ;$c25 cm. 490 0 $aQuaderni di Vetera Christianorum ;$v13 650 4$aCristianesimo - Storia - Sec. 1.-3.$0(OLS)http://semarc/subject/36073 650 4$aArte paleocristiana - Storia - Sec. 1.-3. - Studi.$0(OLS)http://semarc/subject/36074 830 0$aQuaderni di Vetera Christianorum ;$v13.$0(OLS)http://semarc/title/31198 850 $aSeMil 852 $aSeMil$W1$xVenegono$y1$m2U IV 113$j142141$B142141$CSeMilBibl$Z2$F153669 $81 961 $aRecupero: Altro 996 $6245$aLa società cristologica prima di Costantino e i riflessi nelle arti figurative$9(OLS)http://semarc/title/275986 996 $6260$aBari :$bIstituto di Letteratura Cristiana Antica, Università degli Studi$9(OLS)http://semarc/publisher/31057